zpět

Detail výsledku týmu

Bar U Souseda, Plzeň

Datum a čas kvízu

26.5 Celkem bodů Celkový počet nahraných bodů na tomto kvízu bez doplňovacích otázek.
7. Pořadí na kvízu Konečné umístění týmu na tomto kvízu.

Zaznamenané odpovědi

# Otázka Odpověď Body Výsledky
1. O víkendu se v Praze konal 39.... Alexandra Udženija 1
2. Druhá česká vicemiss Karolína... Miss Global 0
3. Americká akademie filmového um... Dcera 0
4. V úterý oznámila jedna softwar... ukončení podpory operačního systému Windows 7 1
5. Fotbalovou Slavii opouští zálo... Drážďany 1
6. V zatím posledním díle našeho... Yukon 1
7. Rajčatová šťáva, vývar ze škeb... Caesar 0
8. Jak se jmenuje muž na této fot... Justin Trudeau 0
9. Kanadská zpěvačka Alanis Moris... déšť 0
10. Se Spojenými státy, kam se pod... Hořejší jezero 0